[Event "Bucharest Grand Prix op"]
[Site "Bucharest"]
[Date "2024.03.24"]
[Round "9"]
[White "Ghimpu, Samuel Timotei"]
[Black "Veress, Armand"]
[Result "1-0"]
[WhiteElo "2467"]
[BlackElo "2098"]
[PlyCount "53"]
[EventDate "2024.03.23"]
[EventType "swiss (rapid)"]
[EventRounds "10"]
[EventCountry "ROU"]
[SourceTitle "CB13_2024"]
[SourceDate "2024.03.27"]
[SourceVersion "1"]
[SourceVersionDate "2024.03.27"]
[SourceQuality "1"]

1. e4 c6 2. d4 d5 3. e5 Bf5 4. Nf3 e6 5. Be2 Ne7 6. c3 Ng6 7. 0-0 Nd7 8. Ne1 h5 9. Nc2 f6 10. f4 Qb6 11. Ne3 fxe5 12. Nxf5 exf5 13. Bxh5 c5 14. dxe5 c4+ 15. Kh1 0-0-0 16. Bf3 Bc5 17. g3 d4 18. Nd2 Ndxe5 19. fxe5 Nxe5 20. cxd4 Bxd4 21. Qc2 Rxh2+ 22. Kxh2 Qh6+ 23. Kg2 Rh8 24. Qxf5+ Kb8 25. Qh5 Qxh5 26. Bxh5 Rxh5 27. Nf3 1-0

[Event "ROM-chT Rapid"]
[Site "Sebes"]
[Date "2023.12.02"]
[Round "5.12"]
[White "Vasile, Matei"]
[Black "Veress, Armand"]
[Result "0-1"]
[WhiteElo "1714"]
[BlackElo "2094"]
[PlyCount "74"]
[EventDate "2023.12.02"]
[EventType "team-swiss (rapid)"]
[EventRounds "8"]
[EventCountry "ROU"]
[SourceTitle "CB49_2023"]
[SourceDate "2023.12.06"]
[SourceVersion "1"]
[SourceVersionDate "2023.12.06"]
[SourceQuality "1"]
[WhiteTeam "Bucharest CSU"]
[BlackTeam "Dinamo"]
[WhiteTeamCountry "ROU"]
[BlackTeamCountry "ROU"]

1. d4 Nf6 2. Bf4 c5 3. e3 d5 4. c3 Qb6 5. Qb3 c4 6. Qc2 Nc6 7. Nd2 g6 8. e4 dxe4 9. Nxc4 Qd8 10. Ne2 Bf5 11. Ne3 Rc8 12. Qa4 Bd7 13. Qd1 Nh5 14. Bg3 Nxg3 15. hxg3 Bg7 16. Nf4 e5 17. dxe5 Nxe5 18. Be2 0-0 19. Qb3 Bc6 20. Rd1 Qa5 21. 0-0 h5 22. Ned5 Rfe8 23. Ne3 Qc5 24. Rd2 Bh6 25. Rfd1 h4 26. Rd4 hxg3 27. fxg3 Nf3+ 28. gxf3 exf3 29. Bc4 Bxf4 30. Bxf7+ Kg7 31. Bxe8 Bxe3+ 32. Kh2 Rxe8 33. Rh4 Bg5 34. Qc2 Re2+ 35. Qxe2 fxe2 36. Rg1 Qf2+ 37. Rg2 Qxg2# 0-1

[Event "ROM-chT Rapid"]
[Site "Sebes"]
[Date "2023.12.02"]
[Round "1.16"]
[White "Veress, Armand"]
[Black "Popescu Vava, Luca Delian"]
[Result "1-0"]
[WhiteElo "2094"]
[BlackElo "1199"]
[PlyCount "33"]
[EventDate "2023.12.02"]
[EventType "team-swiss (rapid)"]
[EventRounds "8"]
[EventCountry "ROU"]
[SourceTitle "CB49_2023"]
[SourceDate "2023.12.06"]
[SourceVersion "1"]
[SourceVersionDate "2023.12.06"]
[SourceQuality "1"]
[WhiteTeam "Dinamo"]
[BlackTeam "Craiova"]
[WhiteTeamCountry "ROU"]
[BlackTeamCountry "ROU"]

1. d4 d5 2. Nf3 Nf6 3. c4 e6 4. Nc3 c6 5. Bg5 Be7 6. e3 0-0 7. cxd5 exd5 8. Bd3 h6 9. Bh4 Bg4 10. h3 Bh5 11. Qc2 Na6 12. a3 Qb6 13. Ne5 Rfe8 14. g4 Bg6 15. Bxg6 fxg6 16. Nxg6 c5 17. Nxe7+ 1-0

[Event "ROM-chT Rapid"]
[Site "Sebes"]
[Date "2023.12.02"]
[Round "3.8"]
[White "Veress, Armand"]
[Black "Tampea, Radu"]
[Result "0-1"]
[WhiteElo "2094"]
[BlackElo "2203"]
[PlyCount "78"]
[EventDate "2023.12.02"]
[EventType "team-swiss (rapid)"]
[EventRounds "8"]
[EventCountry "ROU"]
[SourceTitle "CB49_2023"]
[SourceDate "2023.12.06"]
[SourceVersion "1"]
[SourceVersionDate "2023.12.06"]
[SourceQuality "1"]
[WhiteTeam "Dinamo"]
[BlackTeam "Alba Iulia Unirea"]
[WhiteTeamCountry "ROU"]
[BlackTeamCountry "ROU"]

1. d4 d5 2. Nf3 e6 3. c4 a6 4. Nc3 dxc4 5. a4 Nc6 6. e3 Na5 7. Nd2 c5 8. Nxc4 Nf6 9. Nxa5 Qxa5 10. Bd2 cxd4 11. exd4 Bb4 12. Bd3 0-0 13. 0-0 Bd7 14. Bf4 Bc6 15. Re1 Rad8 16. Be5 Nd7 17. Qh5 g6 18. Qh6 Nxe5 19. Rxe5 Qc7 20. Ne4 Bxe4 21. Rxe4 Be7 22. h4 Rd5 23. Rc1 Qb6 24. Qe3 Bf6 25. Rc4 Rfd8 26. Qf3 Bxd4 27. Bc2 Qd6 28. Rf4 f5 29. h5 e5 30. Rh4 e4 31. Qh3 Be5 32. g3 Rd1+ 33. Kg2 e3 34. hxg6 Qd5+ 35. Be4 Qxc4 36. Qxf5 Qf1+ 37. Kh2 Qxf2+ 38. Qxf2 exf2 39. gxh7+ Kh8 0-1

[Event "Sebes GP op"]
[Site "Sebes"]
[Date "2023.11.04"]
[Round "3"]
[White "Grunberg, Mihai Lucian"]
[Black "Veress, Armand"]
[Result "1-0"]
[WhiteElo "2401"]
[BlackElo "2168"]
[PlyCount "51"]
[EventDate "2023.11.04"]
[EventType "swiss"]
[EventRounds "10"]
[EventCountry "ROU"]
[SourceTitle "CB46_2023"]
[SourceDate "2023.11.15"]
[SourceVersion "1"]
[SourceVersionDate "2023.11.15"]
[SourceQuality "1"]

1. Nf3 d5 2. g3 Nc6 3. d4 Bf5 4. c4 e6 5. Qa4 Nf6 6. Nc3 Bb4 7. Ne5 0-0 8. Nxc6 Bxc3+ 9. bxc3 bxc6 10. Qxc6 Rb8 11. Bg2 Ne4 12. Bxe4 Bxe4 13. f3 Bc2 14. Bf4 Rb2 15. c5 h5 16. Qxc7 Qf6 17. Qe5 Qg6 18. 0-0 Bf5 19. Rf2 h4 20. e4 f6 21. exf5 fxe5 22. fxg6 Rxf2 23. Kxf2 exf4 24. gxh4 Rb8 25. Re1 Re8 26. Rb1 1-0

[Event "Arad op 16th"]
[Site "Arad"]
[Date "2023.08.11"]
[Round "7"]
[White "Veress, Armand"]
[Black "Nikolovski, Nikola"]
[Result "0-1"]
[WhiteElo "2034"]
[BlackElo "2361"]
[PlyCount "28"]
[EventDate "2023.08.07"]
[EventType "swiss"]
[EventRounds "9"]
[EventCountry "ROU"]
[SourceTitle "EXT 2024"]
[Source "ChessBase"]
[SourceDate "2023.10.10"]
[SourceVersion "1"]
[SourceVersionDate "2023.10.10"]
[SourceQuality "1"]

1. d4 e6 2. Nf3 f5 3. Bf4 Nf6 4. e3 d6 5. Be2 g6 6. h4 Qe7 7. Nc3 h6 8. Bd3 Nc6 9. e4 e5 10. dxe5 dxe5 11. Bd2 Bd7 12. Qe2 0-0-0 13. 0-0-0 f4 14. Nd5 Qg7 0-1

[Event "Arad op 16th"]
[Site "Arad"]
[Date "2023.08.10"]
[Round "5"]
[White "Veress, Armand"]
[Black "Cnejev, Vladimir Alexandru"]
[Result "1/2-1/2"]
[WhiteElo "2034"]
[BlackElo "2352"]
[PlyCount "102"]
[EventDate "2023.08.07"]
[EventType "swiss"]
[EventRounds "9"]
[EventCountry "ROU"]
[SourceTitle "EXT 2024"]
[Source "ChessBase"]
[SourceDate "2023.10.10"]
[SourceVersion "1"]
[SourceVersionDate "2023.10.10"]
[SourceQuality "1"]

1. d4 d5 2. Nf3 Nf6 3. c4 e6 4. Nc3 Be7 5. cxd5 exd5 6. Bg5 h6 7. Bh4 c6 8. Qc2 0-0 9. e3 Re8 10. Bd3 Ne4 11. Bxe4 Bxh4 12. Bh7+ Kf8 13. 0-0 g6 14. Bxg6 fxg6 15. Qxg6 Re6 16. Qh7 Bf6 17. Ne2 Qe7 18. Qxh6+ Qg7 19. Qh5 Re4 20. h3 Be6 21. Ng3 Bf7 22. Qf5 Bg6 23. Qc8+ Re8 24. Qg4 Bd3 25. Nh5 Qxg4 26. hxg4 Bxf1 27. Nxf6 Be2 28. Ne5 Rxe5 29. dxe5 Ke7 30. f4 Nd7 31. Kf2 Bd3 32. Rd1 Bc2 33. Rc1 Bd3 34. Nxd7 Kxd7 35. Rh1 Rg8 36. Rh4 Ke6 37. Kg3 c5 38. Rh6+ Ke7 39. Rf6 d4 40. Kf3 Bc2 41. exd4 cxd4 42. g5 Rd8 43. Ke2 Be4 44. g6 d3+ 45. Kd2 Rc8 46. Ke3 Rd8 47. Kd2 Rc8 48. Ke3 Rd8 49. Kd2 Rc8 50. Ke3 Rd8 51. Kd2 Rc8 1/2-1/2

[Event "Bucharest Grand Prix"]
[Site "Bucharest"]
[Date "2023.04.29"]
[Round "2"]
[White "Veress, Armand"]
[Black "Pranav, V."]
[Result "0-1"]
[WhiteElo "2046"]
[BlackElo "2545"]
[PlyCount "38"]
[EventDate "2023.04.29"]
[EventType "swiss (rapid)"]
[EventRounds "10"]
[EventCountry "ROU"]
[SourceTitle "CBM 213 Extra"]
[Source "ChessBase"]
[SourceDate "2023.05.31"]
[SourceVersion "1"]
[SourceVersionDate "2023.05.31"]
[SourceQuality "1"]

1. e4 e5 2. Bc4 Nc6 3. Nc3 Nf6 4. d3 Bc5 5. f4 d5 6. exd5 Bg4 7. Qd2 exf4 8. Qxf4 Nd4 9. Bb3 0-0 10. h3 Re8+ 11. Kf1 Bh5 12. g4 Bg6 13. Nf3 Nxb3 14. axb3 Nxd5 15. Nxd5 Qxd5 16. Bd2 Bxd3+ 17. cxd3 Qxd3+ 18. Kg2 Qe2+ 19. Kg3 Qf2# 0-1

[Event "Targu Mures op-A"]
[Site "Targu Mures"]
[Date "2022.06.10"]
[Round "8"]
[White "Veress, Armand"]
[Black "Cosma, Elena Luminita"]
[Result "1-0"]
[WhiteElo "2100"]
[BlackElo "2276"]
[PlyCount "129"]
[EventDate "2022.06.04"]
[EventType "swiss"]
[EventRounds "9"]
[EventCountry "ROU"]
[SourceTitle "CBM 208 Extra"]
[Source "ChessBase"]
[SourceDate "2022.07.31"]
[SourceVersion "1"]
[SourceVersionDate "2022.07.31"]
[SourceQuality "1"]

1. e4 e6 2. d4 d5 3. Nd2 c5 4. exd5 exd5 5. Ngf3 Nc6 6. Bb5 cxd4 7. Qe2+ Qe7 8. Nxd4 Qxe2+ 9. Kxe2 Bd7 10. N2f3 Bd6 11. Re1 Nge7 12. Kf1 f6 13. c3 Kf7 14. h3 Rad8 15. Be3 Bc8 16. Bxc6 bxc6 17. Nb3 Rd7 18. Bc5 Bxc5 19. Nxc5 Rc7 20. Nd4 Nf5 21. Nxf5 Bxf5 22. g4 Bc8 23. Rad1 h5 24. f3 hxg4 25. hxg4 Rh2 26. Nd3 c5 27. Nf2 Bb7 28. Kg1 Rh8 29. Kg2 a5 30. Rd2 g5 31. Nd1 Kg6 32. Re6 Kf7 33. Rb6 Re8 34. Rb5 a4 35. Ra5 Ra8 36. Rxa8 Bxa8 37. Ne3 Ke6 38. Nf5 Rh7 39. Re2+ Kd7 40. b3 axb3 41. axb3 Bb7 42. b4 cxb4 43. cxb4 Ba6 44. Ra2 Bb7 45. Rc2 Ba6 46. Rc5 Bb7 47. b5 Rh8 48. Rc3 Rb8 49. Kf2 Ba8 50. Rc5 Rb6 51. Ke3 Re6+ 52. Kd4 Re2 53. Rc3 Rd2+ 54. Kc5 d4 55. Nxd4 Bb7 56. Nf5 Bd5 57. Ra3 Bb7 58. Kb6 Bd5 59. Ra7+ Kd8 60. Ra3 Kd7 61. Rc3 Ke6 62. Kc7 Ke5 63. Ne3 Kd4 64. Nxd5 Kxd5 65. b6 1-0

[Event "Targu Mures op-A"]
[Site "Targu Mures"]
[Date "2022.06.06"]
[Round "4"]
[White "Veress, Armand"]
[Black "Petre, Nad Titus"]
[Result "1/2-1/2"]
[WhiteElo "2100"]
[BlackElo "2297"]
[PlyCount "115"]
[EventDate "2022.06.04"]
[EventType "swiss"]
[EventRounds "9"]
[EventCountry "ROU"]
[SourceTitle "CBM 208 Extra"]
[Source "ChessBase"]
[SourceDate "2022.07.31"]
[SourceVersion "1"]
[SourceVersionDate "2022.07.31"]
[SourceQuality "1"]

1. e4 c5 2. Nf3 e6 3. b3 b6 4. Bb2 Bb7 5. Qe2 Nc6 6. c4 Nf6 7. g3 d6 8. Bg2 e5 9. 0-0 Be7 10. d3 0-0 11. Nc3 a6 12. Qd2 Nd4 13. Nxd4 cxd4 14. Ne2 b5 15. h3 bxc4 16. bxc4 Nd7 17. Rab1 Bc6 18. g4 Rb8 19. f4 h6 20. Ng3 g6 21. Ba3 Rxb1 22. Rxb1 exf4 23. Qxf4 Ne5 24. Qd2 Bg5 25. Qe2 Re8 26. Kh1 Bf4 27. Nf1 Nd7 28. Qf2 Be5 29. Nd2 Nc5 30. Bxc5 dxc5 31. Nf3 Bc7 32. Rf1 Qd7 33. Qh4 Kg7 34. e5 Bxf3 35. Qf6+ Kg8 36. Bxf3 Re6 37. Qh4 Rxe5 38. Bd5 Rxd5 39. cxd5 Qxd5+ 40. Kg1 Qxa2 41. Qf2 Qd5 42. Qf3 Qe6 43. Rf2 Kg7 44. Kg2 a5 45. Qb7 Qe5 46. Qf3 Qe6 47. Qb7 Qd6 48. Qf3 f6 49. Re2 a4 50. Qe4 Qg3+ 51. Kf1 Qxh3+ 52. Ke1 Qg3+ 53. Kd1 Be5 54. Qb7+ Kh8 55. Qc8+ Kh7 56. Qd7+ Kh8 57. Qe8+ Kg7 58. Qe7+ 1/2-1/2

[Event "ROM-ch U16"]
[Site "Eforie Nord"]
[Date "2022.04.13"]
[Round "4"]
[White "Nedelcu, Teodor Cosmin"]
[Black "Veress, Armand"]
[Result "1-0"]
[WhiteElo "2195"]
[BlackElo "2070"]
[PlyCount "95"]
[EventDate "2022.04.11"]
[EventType "swiss"]
[EventRounds "9"]
[EventCountry "ROU"]
[SourceTitle "EXT 2023"]
[Source "ChessBase"]
[SourceDate "2022.10.05"]
[SourceVersion "1"]
[SourceVersionDate "2022.10.05"]
[SourceQuality "1"]

1. d4 Nf6 2. c4 e6 3. Nc3 Bb4 4. e3 c5 5. Nge2 d6 6. a3 Ba5 7. Rb1 Nc6 8. g3 0-0 9. Bg2 cxd4 10. exd4 e5 11. b4 exd4 12. Nd5 Bf5 13. Bg5 d3 14. Nef4 Qe8+ 15. Ne3 d2+ 16. Qxd2 Bxb1 17. Bxf6 Bd8 18. Bxg7 Kxg7 19. Qb2+ Qe5 20. Qxb1 Qc3+ 21. Kf1 Ne5 22. Bxb7 Rb8 23. Qe4 Bg5 24. Bd5 Ng6 25. Nf5+ Kh8 26. Nxd6 Bxf4 27. gxf4 Qc1+ 28. Qe1 Qxf4 29. Qc3+ f6 30. c5 Rbd8 31. h4 Rxd6 32. cxd6 Qxd6 33. Bb3 Rd8 34. Rh3 Nf4 35. Re3 Qa6+ 36. Qc4 Qd6 37. Re4 Ng6 38. Qe6 Qd3+ 39. Kg1 Rf8 40. h5 Qb1+ 41. Re1 Qd3 42. hxg6 Qxg6+ 43. Kh2 Qh6+ 44. Qh3 Qd2 45. Qe3 Qd6+ 46. Qg3 Qd2 47. Re7 Qh6+ 48. Kg2 1-0

[Event "ROM-ch"]
[Site "Eforie Nord"]
[Date "2022.02.27"]
[Round "9"]
[White "Martian, Dragos Daniel"]
[Black "Veress, Armand"]
[Result "1-0"]
[WhiteElo "2270"]
[BlackElo "2034"]
[PlyCount "49"]
[EventDate "2022.02.20"]
[EventType "swiss"]
[EventRounds "9"]
[EventCountry "ROU"]
[SourceTitle "CBM 207 Extra"]
[Source "ChessBase"]
[SourceDate "2022.05.31"]
[SourceVersion "1"]
[SourceVersionDate "2022.05.31"]
[SourceQuality "1"]

1. e4 c5 2. c3 d5 3. exd5 Qxd5 4. d4 Nc6 5. Nf3 Bf5 6. Be3 cxd4 7. Nxd4 Nf6 8. Qb3 Nxd4 9. Bxd4 Bd7 10. Nd2 e6 11. Bc4 Qxg2 12. 0-0-0 Qc6 13. Rhg1 b5 14. Be2 Rc8 15. Rg5 a6 16. Kb1 Ne4 17. Nxe4 Qxe4+ 18. Bd3 Qf4 19. Rg3 f6 20. Qc2 Qh4 21. f4 Kf7 22. Bf2 Qxf4 23. Bxh7 Bc6 24. Qg6+ Ke7 25. Bc5+ 1-0

[Event "ROM-ch"]
[Site "Eforie Nord"]
[Date "2022.02.20"]
[Round "1"]
[White "Ghimpu, Samuel Timotei"]
[Black "Veress, Armand"]
[Result "1-0"]
[WhiteElo "2420"]
[BlackElo "2034"]
[PlyCount "91"]
[EventDate "2022.02.20"]
[EventType "swiss"]
[EventRounds "9"]
[EventCountry "ROU"]
[SourceTitle "CBM 207 Extra"]
[Source "ChessBase"]
[SourceDate "2022.05.31"]
[SourceVersion "1"]
[SourceVersionDate "2022.05.31"]
[SourceQuality "1"]

1. e4 d5 2. exd5 Qxd5 3. Nc3 Qd6 4. d4 c6 5. Nf3 Nf6 6. Ne5 Nbd7 7. Nc4 Qc7 8. Qf3 Nb6 9. Bf4 Qd7 10. 0-0-0 Qg4 11. Qxg4 Bxg4 12. f3 Be6 13. Na5 0-0-0 14. Be5 Bf5 15. g4 Bg6 16. h4 h5 17. g5 Ne8 18. Ne4 e6 19. a3 Bxe4 20. fxe4 Bd6 21. Bxd6 Nxd6 22. Re1 Rhe8 23. c4 Nd7 24. b4 Kc7 25. c5 Nc8 26. Be2 b6 27. Nc4 e5 28. Bxh5 g6 29. Bg4 exd4 30. Rhf1 Re7 31. Rf4 bxc5 32. Bxd7 Rdxd7 33. bxc5 d3 34. Kd2 Rd4 35. Kc3 Rd8 36. Rd1 Rde8 37. Kxd3 Rd8+ 38. Kc2 Rxd1 39. Kxd1 Kd7 40. Kd2 Ke8 41. Ke3 Rb7 42. Rf6 Rb3+ 43. Kd4 Ne7 44. Nd6+ Kd7 45. Nxf7 Rxa3 46. Ne5+ 1-0

[Event "Arad op-A 14th"]
[Site "Arad"]
[Date "2021.08.06"]
[Round "9"]
[White "Antonica, Dragos Andrei"]
[Black "Veress, Armand"]
[Result "1-0"]
[WhiteElo "2302"]
[BlackElo "2040"]
[PlyCount "79"]
[EventDate "2021.07.30"]
[EventType "swiss"]
[EventRounds "9"]
[EventCountry "ROU"]
[SourceTitle "CBM 203 Extra"]
[Source "ChessBase"]
[SourceDate "2021.09.30"]
[SourceVersion "1"]
[SourceVersionDate "2021.09.30"]
[SourceQuality "1"]

1. b3 d5 2. Bb2 Nf6 3. Nf3 Bf5 4. g3 Nbd7 5. Bg2 c6 6. d3 Qc7 7. Nbd2 e5 8. 0-0 Bd6 9. e4 Bg6 10. Nh4 0-0 11. Nxg6 hxg6 12. exd5 cxd5 13. c4 d4 14. Rc1 a5 15. Qf3 Bb4 16. Nb1 Rab8 17. Na3 Bxa3 18. Bxa3 Nc5 19. Qd1 Rfe8 20. Re1 b6 21. Rb1 Rbd8 22. Qd2 Qc8 23. Re2 Qf5 24. Bxc5 bxc5 25. Bc6 Re6 26. Qxa5 Rdd6 27. Be4 Qh5 28. Rbe1 Nxe4 29. Rxe4 g5 30. Qa8+ Kh7 31. Rxe5 Rxe5 32. Rxe5 Qd1+ 33. Kg2 Qxd3 34. Rxc5 Qe2 35. Qf3 d3 36. Qf5+ Rg6 37. Qh3+ Rh6 38. Qf5+ Rg6 39. Rd5 d2 40. Qh3+ 1-0

[Event "Arad op-A 14th"]
[Site "Arad"]
[Date "2021.08.01"]
[Round "4"]
[White "Veress, Armand"]
[Black "Isfan, Ioan Marius"]
[Result "1/2-1/2"]
[WhiteElo "2040"]
[BlackElo "2146"]
[PlyCount "112"]
[EventDate "2021.07.30"]
[EventType "swiss"]
[EventRounds "9"]
[EventCountry "ROU"]
[SourceTitle "CBM 203 Extra"]
[Source "ChessBase"]
[SourceDate "2021.09.30"]
[SourceVersion "1"]
[SourceVersionDate "2021.09.30"]
[SourceQuality "1"]

1. e4 c5 2. Nf3 Nc6 3. Bb5 g6 4. Bxc6 dxc6 5. d3 Bg7 6. Nc3 e5 7. Be3 b6 8. a4 a5 9. Nd2 Nf6 10. h3 0-0 11. g4 Ne8 12. Nc4 Rb8 13. Qd2 Ba6 14. Ne2 Bxc4 15. dxc4 Qxd2+ 16. Kxd2 Nd6 17. Kd3 Rfd8 18. Ng3 b5 19. Kc3 Nxc4 20. Bxc5 Bh6 21. Rhd1 Nd2 22. b3 Bf4 23. Re1 bxa4 24. Rxa4 Nxb3 25. Be3 Nd2 26. Bxf4 exf4 27. Ne2 c5 28. Nxf4 Nb1+ 29. Rxb1 Rxb1 30. Rxa5 Re1 31. Rxc5 Rxe4 32. Nd3 Ra8 33. f4 Re3 34. h4 Rg3 35. g5 Rh3 36. Kd4 Rxh4 37. c4 Rh1 38. Rd5 Kg7 39. Rd7 Rd1 40. c5 h5 41. gxh6+ Kxh6 42. c6 Kg7 43. Kc5 Kf6 44. c7 Rc8 45. Kc6 g5 46. fxg5+ Kxg5 47. Rd5+ f5 48. Kd7 Rxc7+ 49. Kxc7 Kh4 50. Kd6 f4 51. Ke5 f3 52. Rd8 f2 53. Rh8+ Kg3 54. Rg8+ Kf3 55. Rf8+ Ke2 56. Rxf2+ Kxd3 1/2-1/2

[Event "Romanian op"]
[Site "Alba Iulia"]
[Date "2019.10.29"]
[Round "3"]
[White "Veress, Armand"]
[Black "Andreev, Eduard"]
[Result "0-1"]
[WhiteElo "2159"]
[BlackElo "2435"]
[PlyCount "80"]
[EventDate "2019.10.28"]
[EventType "swiss"]
[EventRounds "9"]
[EventCountry "ROU"]
[SourceTitle "CBM 192 Extra"]
[Source "Chessbase"]
[SourceDate "2019.11.06"]
[SourceVersion "1"]
[SourceVersionDate "2019.11.06"]
[SourceQuality "1"]

1. e4 c5 2. Nf3 d6 3. d4 cxd4 4. Qxd4 Nc6 5. Bb5 a6 6. Bxc6+ bxc6 7. Nc3 e5 8. Qc4 Bd7 9. 0-0 Be7 10. Be3 Nf6 11. h3 0-0 12. Rad1 Qb8 13. b3 Be6 14. Qe2 h6 15. Bc1 Qc7 16. Na4 Nd7 17. Ba3 f5 18. exf5 Bxf5 19. Nd4 exd4 20. Qxe7 c5 21. c3 Rae8 22. Qh4 d3 23. Nb2 Ne5 24. f4 Ng6 25. Qg3 Re2 26. Rf2 Qa5 27. Nc4 Qxc3 28. Bb2 Qc2 29. Rd2 Re1+ 30. Rf1 Rxf1+ 31. Kxf1 Qb1+ 32. Kf2 Be4 33. Qe3 d5 34. Ne5 Nxf4 35. Kg3 Qf1 36. Nf3 Ne2+ 37. Kh2 Bxf3 38. gxf3 Rxf3 39. Qe6+ Kh7 40. Qg4 Rf2+ 0-1

[Event "Romanian op"]
[Site "Alba Iulia"]
[Date "2019.10.28"]
[Round "1"]
[White "Veress, Armand"]
[Black "David, Alexandru Vasile"]
[Result "0-1"]
[WhiteElo "2159"]
[BlackElo "2424"]
[PlyCount "56"]
[EventDate "2019.10.28"]
[EventType "swiss"]
[EventRounds "9"]
[EventCountry "ROU"]
[SourceTitle "CBM 192 Extra"]
[Source "Chessbase"]
[SourceDate "2019.11.06"]
[SourceVersion "1"]
[SourceVersionDate "2019.11.06"]
[SourceQuality "1"]

1. e4 d5 2. exd5 Nf6 3. Nf3 Bg4 4. Be2 Qxd5 5. d4 Nc6 6. 0-0 0-0-0 7. c4 Qf5 8. Be3 e6 9. Nbd2 Bd6 10. Qa4 Qh5 11. h3 Bxh3 12. gxh3 Qxh3 13. c5 Qg4+ 14. Kh1 Bf4 15. Bxf4 Qxf4 16. Rg1 Kb8 17. Nb3 e5 18. Rad1 g5 19. Qc4 g4 20. Nh2 exd4 21. Rg2 Ne4 22. Kg1 g3 23. fxg3 Qe3+ 24. Kh1 Nxg3+ 25. Rxg3 Qxg3 26. Nxd4 Nxd4 27. Rxd4 f5 28. Rf4 Rhg8 0-1

[Event "Satu Mare Szabo Memorial"]
[Site "Satu Mare"]
[Date "2019.08.07"]
[Round "8"]
[White "Trifan, Andrei Ioan"]
[Black "Veress, Armand"]
[Result "1/2-1/2"]
[WhiteElo "2250"]
[BlackElo "1860"]
[PlyCount "67"]
[EventDate "2019.08.02"]
[EventType "swiss"]
[EventRounds "9"]
[EventCountry "ROU"]
[SourceTitle "CBM 191 Extra"]
[Source "ChessBase"]
[SourceDate "2019.09.30"]
[SourceVersion "1"]
[SourceVersionDate "2019.09.30"]
[SourceQuality "1"]

1. e4 c5 2. Nf3 Nc6 3. d4 cxd4 4. Nxd4 g6 5. c4 Nf6 6. Nc3 d6 7. Be2 Nxd4 8. Qxd4 Bg7 9. Be3 0-0 10. Qd2 a5 11. 0-0 a4 12. Rad1 Qa5 13. f3 Be6 14. Nb5 Rfc8 15. Qxa5 Rxa5 16. Na7 Ra8 17. Nb5 Rc8 18. Rc1 Nd7 19. Nd4 Nc5 20. Rfd1 Bd7 21. g4 Ne6 22. Kf2 Nxd4 23. Bxd4 Bxd4+ 24. Rxd4 Be6 25. f4 f6 26. Rc3 Rac5 27. h4 h6 28. Ke1 g5 29. f5 Bf7 30. h5 Kf8 31. Kd2 Ke8 32. Bd1 Rxc4 33. Bxa4+ Kd8 34. Rdxc4 1/2-1/2

[Event "Satu Mare Szabo Memorial"]
[Site "Satu Mare"]
[Date "2019.08.04"]
[Round "4"]
[White "Biro, Sandor"]
[Black "Veress, Armand"]
[Result "1/2-1/2"]
[WhiteElo "2174"]
[BlackElo "1860"]
[PlyCount "25"]
[EventDate "2019.08.02"]
[EventType "swiss"]
[EventRounds "9"]
[EventCountry "ROU"]
[SourceTitle "CBM 191 Extra"]
[Source "ChessBase"]
[SourceDate "2019.09.30"]
[SourceVersion "1"]
[SourceVersionDate "2019.09.30"]
[SourceQuality "1"]

1. e4 d5 2. exd5 Qxd5 3. Nc3 Qd6 4. d4 c6 5. Nf3 Bg4 6. h3 Bxf3 7. Qxf3 Qxd4 8. Be3 Qd8 9. Bc4 Nf6 10. 0-0 e6 11. Rad1 Nbd7 12. Qg3 Qa5 13. a3 1/2-1/2

[Event "Satu Mare Szabo Memorial"]
[Site "Satu Mare"]
[Date "2019.08.02"]
[Round "1"]
[White "Veress, Armand"]
[Black "Ardeleanu, Alin"]
[Result "0-1"]
[WhiteElo "1860"]
[BlackElo "2323"]
[PlyCount "28"]
[EventDate "2019.08.02"]
[EventType "swiss"]
[EventRounds "9"]
[EventCountry "ROU"]
[SourceTitle "CBM 191 Extra"]
[Source "ChessBase"]
[SourceDate "2019.09.30"]
[SourceVersion "1"]
[SourceVersionDate "2019.09.30"]
[SourceQuality "1"]

1. e4 c5 2. Nf3 a6 3. Nc3 d6 4. d4 cxd4 5. Nxd4 Nf6 6. Bg5 e6 7. Qd2 Be7 8. f4 Qc7 9. Bd3 h6 10. Bxf6 Bxf6 11. Nde2 Nd7 12. 0-0-0 Nb6 13. g4 e5 14. f5 Bg5 0-1

[Event "Arad op 12th"]
[Site "Arad"]
[Date "2019.07.31"]
[Round "9"]
[White "Veress, Armand"]
[Black "Mozes, Ervin"]
[Result "1-0"]
[WhiteElo "1827"]
[BlackElo "2121"]
[PlyCount "57"]
[EventDate "2019.07.24"]
[EventType "swiss"]
[EventRounds "9"]
[EventCountry "ROU"]
[SourceTitle "CBM 191 Extra"]
[Source "ChessBase"]
[SourceDate "2019.09.30"]
[SourceVersion "1"]
[SourceVersionDate "2019.09.30"]
[SourceQuality "1"]

1. e4 Nf6 2. e5 Nd5 3. d4 c6 4. Nf3 d6 5. Be2 Nd7 6. c4 Nc7 7. exd6 exd6 8. 0-0 d5 9. Qb3 Be7 10. Nc3 dxc4 11. Bxc4 0-0 12. Ne5 Nxe5 13. dxe5 b5 14. Be2 Qd4 15. Bf3 b4 16. Ne2 Qb6 17. Be3 Bc5 18. Bxc5 Qxc5 19. Rac1 Qxe5 20. Qxb4 Ba6 21. Rfe1 Rab8 22. Qd4 Qa5 23. Nf4 Qxa2 24. Rxc6 Nb5 25. Qe5 Kh8 26. Bd5 Qa5 27. Nh5 f6 28. Qe7 Rg8 29. Bxg8 1-0

[Event "Arad op 12th"]
[Site "Arad"]
[Date "2019.07.28"]
[Round "6"]
[White "Daianu, Cristian Clement"]
[Black "Veress, Armand"]
[Result "1-0"]
[WhiteElo "2199"]
[BlackElo "1827"]
[PlyCount "83"]
[EventDate "2019.07.24"]
[EventType "swiss"]
[EventRounds "9"]
[EventCountry "ROU"]
[SourceTitle "CBM 191 Extra"]
[Source "ChessBase"]
[SourceDate "2019.09.30"]
[SourceVersion "1"]
[SourceVersionDate "2019.09.30"]
[SourceQuality "1"]

1. e4 d5 2. exd5 Qxd5 3. Nc3 Qd6 4. d4 c6 5. Ne4 Qd5 6. Ng3 Nf6 7. Nf3 Bg4 8. Be2 Nbd7 9. Be3 e6 10. Qd2 Nb6 11. b3 Bxf3 12. Bxf3 Qd7 13. c4 Be7 14. 0-0 0-0 15. Rad1 Rfd8 16. Qc2 Qc7 17. Rfe1 a5 18. Qc1 Rd7 19. Bf4 Qd8 20. Be5 a4 21. Ne2 axb3 22. axb3 Bb4 23. Rf1 Nc8 24. Nf4 Bd6 25. Qe3 Ne7 26. Bxf6 gxf6 27. Nh5 Ng6 28. d5 cxd5 29. cxd5 e5 30. Be4 Bf8 31. Qf3 Rd6 32. Qg4 Ra3 33. Rd3 Qa5 34. h4 Kh8 35. Qf5 Bg7 36. Rg3 Ra1 37. Rxa1 Qxa1+ 38. Kh2 Bh6 39. Nxf6 Bf4 40. Qc8+ Kg7 41. Ne8+ Kh6 42. Nxd6 1-0